Score 0/20 Timer 06:00
8 Plays Today
TV Shows % Correct
24
83.3%
Prison Break
83.3%
Two and a Half Men
82.5%
House
79.3%
The Big Bang Theory
77.4%
Lost
71.1%
Dexter
60.5%
The O.C.
55.3%
Heroes
53.5%
Breaking Bad
50.9%
TV Shows % Correct
Californication
45.6%
Burn Notice
44.9%
Weeds
43.2%
It's Always Sunny in Philadelphia
40%
Fringe
39.4%
Lie to Me
29.6%
Greek
27.2%
Suits
25.1%
Leverage
18.8%
Arrested Development
13.8%
Remove Ads.
Support Sporcle.
Get the best of Sporcle when you Go Orange. This ad-free experience offers more features, more stats, and more fun while also helping to support Sporcle. Thank you for becoming a member.

You're not logged in!

Compare scores with friends on all Sporcle quizzes.
OR
Log In

Show Comments

Extras

Top Quizzes Today


Score Distribution

Your Account Isn't Verified!

In order to create a playlist on Sporcle, you need to verify the email address you used during registration. Go to your Sporcle Settings to finish the process.

Report this User

Report this user for behavior that violates our Community Guidelines.

Details: